000 00388nam a2200133Ia 4500
008 230917s9999||||xx |||||||||||||| ||und||
040 _e91145
_aMAIN
041 _aEnglish
082 _a370.19 P24S
100 _aParmar, Ompal
245 0 _aStudy of attitudes towards dowry system of scheduled castes boys and girls in respect of their educational level
300 _a53 p.
942 _cTH
999 _c87303
_d87303